00939cam a22002651 4500001001300000003000400013005001700017008004100034010001700075035002000092040003000112042001200142050002500154100002200179245006200201260004900263300003000312490005600342500011500398500006200513650002600575650002400601650003100625999001700656l 46000040 DLC20260227111539.0890810s1946 dcua f000 0 eng  al 46000040  a(OCoLC)20158817 aDLCcPELdPELdOCoLCdDLC apremarc00aHD8051b.A62 no. 8611 aDavid, Lily Mary.10aWage structure in the machinery industries, January 1945. aWashington,bU.S. Govt. Print. Off.,c[1946] aiv, 12 p.billus.c23 cm.0 aU. S. Bureau of labor statistics. Bulletinvno. 861 aA more detailed report was issued in mimeograph form in 1945 as the Bureau's Wage structure. Series 2, no. 1. a"Reprinted from the Monthly labor review, February 1946." 0aWageszUnited States. 0aMachinery industry. 0aWagesxMachinery industry. c36521d36521